|
|
|
|
| LEADER |
00000cam a22000004a 4500 |
| 001 |
musev2_81990 |
| 003 |
MdBmJHUP |
| 005 |
20230905052417.0 |
| 006 |
m o d |
| 007 |
cr||||||||nn|n |
| 008 |
210118s2020 xx o 00 0 eng d |
| 020 |
|
|
|a 9781506479002
|
| 020 |
|
|
|z 1506479006
|
| 020 |
|
|
|z 1506478999
|
| 020 |
|
|
|z 9781506478999
|
| 035 |
|
|
|a (OCoLC)1273307641
|
| 040 |
|
|
|a MdBmJHUP
|c MdBmJHUP
|
| 245 |
0 |
0 |
|a Black Power and the American Myth :
|b 50th Anniversary Edition
|
| 250 |
|
|
|a 1ST ED.
|
| 264 |
|
1 |
|a [S.l.] :
|b 1517 MEDIA,
|c 2020.
|
| 264 |
|
3 |
|a Baltimore, Md. :
|b Project MUSE,
|c 2021
|
| 264 |
|
4 |
|c ©2020.
|
| 300 |
|
|
|a 1 online resource (136 pages).
|
| 336 |
|
|
|a text
|b txt
|2 rdacontent
|
| 337 |
|
|
|a computer
|b c
|2 rdamedia
|
| 338 |
|
|
|a online resource
|b cr
|2 rdacarrier
|
| 588 |
|
|
|a Description based on print version record.
|
| 650 |
|
7 |
|a Race relations.
|2 fast
|0 (OCoLC)fst01086509
|
| 650 |
|
7 |
|a African Americans
|x Civil rights.
|2 fast
|0 (OCoLC)fst00799575
|
| 650 |
|
6 |
|a Noirs americains
|x Droits.
|
| 650 |
|
0 |
|a African Americans
|x Civil rights.
|
| 651 |
|
7 |
|a United States.
|2 fast
|0 (OCoLC)fst01204155
|
| 651 |
|
6 |
|a États-Unis
|x Relations raciales.
|
| 651 |
|
0 |
|a United States
|x Race relations.
|
| 655 |
|
7 |
|a Electronic books.
|2 local
|
| 710 |
2 |
|
|a Project Muse.
|e distributor
|
| 830 |
|
0 |
|a Book collections on Project MUSE.
|
| 856 |
4 |
0 |
|z Texto completo
|u https://projectmuse.uam.elogim.com/book/81990/
|
| 945 |
|
|
|a Project MUSE - Custom Collection
|